Schnelle Reaktion und Jugendhilfe - eine Einführung

Gespeichert in:  
Bibliographische Detailangaben
1. VerfasserIn: Gabriel, Gabriele (Verfasst von)
Medienart: Druck Aufsatz
Sprache:Deutsch
Veröffentlicht: 2001
In: Schnelle Reaktion
Jahr: 2001, Seiten: 13-27
Verfügbarkeit prüfen: HBZ Gateway
Schlagwörter:

MARC

LEADER 00000caa a22000002c 4500
001 1525923536
003 DE-627
005 20220604104949.0
007 tu
008 160223s2001 xx ||||| 00| ||ger c
035 |a (DE-627)1525923536 
035 |a (DE-576)455923531 
035 |a (DE-599)BSZ455923531 
040 |a DE-627  |b ger  |c DE-627  |e rakwb 
041 |a ger 
100 1 |a Gabriel, Gabriele  |4 aut 
245 1 0 |a Schnelle Reaktion und Jugendhilfe - eine Einführung  |c Gabriele Gabriel 
264 1 |c 2001 
336 |a Text  |b txt  |2 rdacontent 
337 |a ohne Hilfsmittel zu benutzen  |b n  |2 rdamedia 
338 |a Band  |b nc  |2 rdacarrier 
773 0 8 |i In  |t Schnelle Reaktion  |d München : Dt. Jugendinst., 2001  |g (2001), Seite 13-27  |h 140 S.  |w (DE-627)1160910324  |w (DE-576)09091032X  |7 nnam 
773 1 8 |g year:2001  |g pages:13-27 
935 |a mkri 
951 |a AR 
ELC |b 1 
LOK |0 000 xxxxxcx a22 zn 4500 
LOK |0 001 2899402307 
LOK |0 003 DE-627 
LOK |0 004 1525923536 
LOK |0 005 20260115112820 
LOK |0 008 160208||||||||||||||||ger||||||| 
LOK |0 040   |a DE-21-110  |c DE-627  |d DE-21-110 
LOK |0 689   |a s  |a Jugenddelinquenz 
LOK |0 689   |a s  |a Jugendhilfe 
LOK |0 852   |a DE-21-110 
LOK |0 852 1  |m p  |9 00 
LOK |0 935   |a k110 
LOK |0 938   |k p 
LOK |0 939   |a 08-02-16  |b l01 
ORI |a SA-MARC-krimdoka001.raw